书目信息 |
| 题名: |
投资规则:一个卓越投资人的必备要素
|
|
| 作者: | 吴晓求 , 魏建华 译 | |
| 分册: | ||
| 出版信息: | 北京 新华出版社 1998.08 |
|
| 页数: | 252页 | |
| 开本: | 32开 | |
| 丛书名: | ||
| 单 册: | ||
| 中图分类: | F830.59 | |
| 科图分类: | ||
| 主题词: | 金融 , 银行 | |
| 电子资源: | ||
| ISBN: | 7-5011-4078-2 | |
| 000 | 00651nam0 2200217 45 | |
| 001 | 0103211052 | |
| 005 | 20010321105344.9 | |
| 010 | @a7-5011-4078-2@d18.00元 | |
| 100 | @a20010321d1998 km y0chiy0120 ea | |
| 101 | 0 | @achi |
| 105 | @a z 000yy | |
| 200 | 1 | @a投资规则:一个卓越投资人的必备要素@ATou Zi Gui Ze:Yi Ge Zhuo Yue Tou Zi Ren De Bi Bei Yao Su@f吴晓求,魏建华译@FWu Xiao Qiu,Wei Jian Hua Yi |
| 210 | @a北京@c新华出版社@d1998.08 | |
| 215 | @a252页@d32开 | |
| 606 | 0 | @a金融 |
| 606 | 0 | @a银行 |
| 690 | @aF830.59@v3 | |
| 701 | 0 | @a吴晓求@4译 |
| 701 | 0 | @a魏建华@4译 |
| 801 | @aCN@bPftUser@c20010321 | |
| 905 | @b331435-436@dF830.59@eX.125@f2 | |
| 投资规则:一个卓越投资人的必备要素/吴晓求,魏建华译.-北京:新华出版社,1998.08 |
| 252页;32开 |
| ISBN 7-5011-4078-2:18.00元 |
| ● |
| 相关链接 |
|
|
|
正题名:投资规则:一个卓越投资人的必备要素
索取号:F830.59/X.125
 
预约/预借
| 序号 | 登录号 | 条形码 | 馆藏地/架位号 | 状态 | 备注 |
| 1 | 331435 | 203314350 | 社科库409/409社科库 52排1列4层/ [索取号:F830.59/X.125] | 在馆 | |
| 2 | 331436 | 203314369 | 社科库409/409社科库 52排1列4层/ [索取号:F830.59/X.125] | 在馆 |